000 01242nam a22002535i 4500
001 179927
003 ES-MaACL
005 20250824071309.0
008 120301s1842 sp |||| | spa d
040 _aCAM
_bspa
_cCAM
080 _a821.133.1-23"18"
100 1 _aMélesville (
_d1787-1865)
_9149489
245 1 3 _aUn quinto y un párvulo
_b: comedia en un acto /
_cescrita en francés por Melesville ; (arreglada por M. A. Lasheras).
260 _aMadrid :
_b[s.a.,
_c1842?] (
_fImp. de F. Suárez)
300 _a18 p. ;
_c25 cm.
490 1 _aMuseo dramático ó Colección de comedias del teatro estrangero representadas en los principales de la corte ;
_v1
500 _aRepresentada por primera vez en Madrid en el teatro del Príncipe el dia 23 de agosto de 1842.
594 _aTítulo y autores tomados de principio del texto.
596 _aPie de imp. tomado de colofón.
700 1 _aLasheras, Manuel Antonio.
_9142048
830 0 0 _aMuseo dramático ó Colección de comedias del teatro estranjero representadas en los principales teatros de la corte
_v1
_9242030
852 _aES-MaACL
_jF-7488(12)
_z.- Enc. hol. -- Falto de la port. y la cub. original -- Enc. en un vol. facticio
999 _c179927
_d179927